[Event "88th GER-ch Men 2017"]
[Site "Apolda"]
[Date "2017.06.28"]
[Round "6"]
[White "Jahncke, Giso"]
[Black "Fuchs, Florian"]
[Result "0-1"]
[WhiteElo "2340"]
[BlackElo "2335"]
[Annotator "NA"]
[PlyCount "80"]
[EventDate "2017.??.??"]
[EventType "swiss"]
[EventCountry "GER"]
[SourceTitle "playchess.com"]
[Source "ChessBase"]
[SourceQuality "1"]
[TimeControl "40/6000+30:3000+30"]

1. Nf3 {[%emt 0:00:00]} Nf6 {[%emt 0:00:07]} 2. c4 {[%emt 0:00:00]} e6 {[%emt 0:00:26]} 3. g3 {[%emt 0:00:00]} b6 {[%emt 0:00:13]} 4. Bg2 {[%emt 0:00:21]} Bb7 {[%emt 0:00:11]} 5. O-O {[%emt 0:00:08]} Be7 {[%emt 0:01:00]} 6. b3 {[%emt 0:01:14]} d5 {[%emt 0:02:29]} 7. Bb2 {[%emt 0:01:19]} O-O {[%emt 0:02:23]} 8. e3 {[%emt 0:01:55]} Nbd7 {[%emt 0:04:27]} 9. Nc3 {[%emt 0:05:00]} c5 {[%emt 0:10:27]} 10. Re1 {[%emt 0:09:35] A14: English Opening: 1...e6 with b3 by White} (10. Qe2 Qc7 11. Nh4 dxc4 12. bxc4 Ne8 13. f4 Bxg2 14. Nxg2 Bf6 15. f5 Qc6 16. fxe6 fxe6 17. Nf4 Nc7 18. d3 Bxc3 19. Bxc3 {½-½ (36) Caruana,F (2802)-Anand,V (2791) Shamkir 2015}) 10... Rc8 $146 {[%emt 0:06:41]} ({Predecessor:} 10... a6 11. Rc1 dxc4 12. bxc4 Qc7 13. d3 Rfd8 14. Rc2 Nf8 15. Rd2 Rd7 16. Qb1 Bc6 17. e4 Ng6 {1-0 (37) Lomakina,G (2092)-Cherednichenko,V (1959) Voronezh 2008}) 11. cxd5 {[%emt 0:07:00]} exd5 {[%emt 0:01:00]} 12. d4 {[%emt 0:00:57]} Ne4 {[%emt 0:06:11]} 13. Nxe4 {[%emt 0:14:57]} (13. Rc1 $14) 13... dxe4 {[%emt 0:00:14]} 14. Nd2 {[%emt 0:02:38]} f5 {[%emt 0:02:06]} 15. f3 {[%emt 0:12:12]} Nf6 {[%emt 0:11:07]} 16. fxe4 {[%emt 0:06:15]} fxe4 {[%emt 0:00:58]} 17. Rc1 {[%emt 0:07:31]} Qe8 {[%emt 0:05:56]} 18. Nc4 {[%emt 0:10:11]} Rd8 {[%emt 0:04:34]} 19. Qe2 {[%emt 0:02:04]} Kh8 {[%emt 0:06:57]} 20. Rf1 {[%emt 0:01:19]} Qd7 {[%emt 0:09:17]} 21. Ne5 {[%emt 0:02:10]} Qe6 {[%emt 0:00:21]} 22. Rf4 {[%emt 0:04:20]} Bd6 $14 {[%emt 0:08:33]} 23. Rcf1 {[%emt 0:01:43]} Kg8 {[%emt 0:05:23]} 24. Rf5 {[%emt 0:01:53]} Bc8 {[%emt 0:07:18]} 25. Rg5 {[%emt 0:08:49]} h6 {[%emt 0:02:28]} 26. Rgf5 {[%emt 0:05:05]} cxd4 {[%emt 0:03:59]} 27. exd4 {[%emt 0:00:28]} Qxf5 {[%emt 0:00:54]} 28. Rxf5 {[%emt 0:00:03]} Bxf5 {[%emt 0:00:07]} 29. Nc4 {[%emt 0:02:04]} Bb8 {[%emt 0:02:46]} 30. Ne3 {[%emt 0:00:07]} Bg6 {[%emt 0:00:32]} 31. Bh3 {[%emt 0:00:56]} Kh8 {[%emt 0:01:07]} 32. Qb5 {[%emt 0:00:33]} Be8 {[%emt 0:01:00]} 33. Qf1 {[%emt 0:01:46]} Nh7 {[%emt 0:01:40]} 34. Bf5 {[%emt 0:01:30]} Bd7 {[%emt 0:02:22]} 35. g4 {[%emt 0:00:07]} Ng5 {[%emt 0:00:49]} 36. Ba3 {[%emt 0:00:43]} Rfe8 {[%emt 0:01:16]} 37. Bxd7 {[%emt 0:00:54]} Rxd7 {[%emt 0:00:13]} 38. Qb5 {[%emt 0:00:20]} Red8 {[%emt 0:00:36]} 39. d5 {[%emt 0:00:40]} Bf4 {[%emt 0:00:44]} 40. Ng2 {[%emt 0:00:33]} Rxd5 {[%emt 0:50:27]} 0-1

[Event "88th GER-ch Men 2017"]
[Site "Apolda"]
[Date "2017.06.28"]
[Round "6"]
[White "Hirneise, Jens"]
[Black "Donchenko, Alexander"]
[Result "0-1"]
[WhiteElo "2328"]
[BlackElo "2573"]
[Annotator "TA"]
[PlyCount "114"]
[EventDate "2017.??.??"]
[EventType "swiss"]
[EventCountry "GER"]
[SourceTitle "playchess.com"]
[Source "ChessBase"]
[SourceQuality "1"]

{[%evp 9,114,31,25,16,22,8,23,0,0,0,0,0,0,0,-2,-16,-10,-18,-17,-25,-22,-5,0,-36,19,0,0,-54,-36,-29,0,-30,-35,-17,-20,-122,-62,-56,-66,-62,-68,-107,-97,-97,-104,-146,-119,-181,-156,-156,-68,-89,0,0,0,-2,-4,-4,0,-4,0,-4,0,-40,0,-8,-14,-25,0,-83,-85,-108,-122,-1155,-1069,-1338,-1160,-995,-1262,-1310,-1822,-1916,-1890,-1668,-1714,-2356,-2205,-2320,-2261,-2509,-2490,-3984,-4571,-2067,-2876,-3561,-3362,-3266,-2982,-5614,-4264,-3809,-3930,-3525,-3354,-29989,-29990]} 1. e4 {[%cal Be2e4,Be4e5][%mdl 32]} c6 2. Nc3 d5 3. Nf3 Nf6 4. e5 Ne4 5. Ne2 Qb6 {[%csl Ge4][%cal Rb6f2]} 6. d4 {B11: Caro-Kann: Two Knights Variation} e6 7. Ng3 c5 8. Bd3 {White has an edge.} Nxg3 (8... Nc6 9. Nxe4 dxe4 10. Bxe4 cxd4 11. O-O Bd7 12. a3 h6 13. Re1 {1-0 (71) Short,N (2675)-Caruana,F (2827) Caleta 2017}) 9. hxg3 cxd4 10. Ng5 Nc6 11. Nxh7 {Strongly threatening Nf6+!} Bd7 {[#]} 12. Nf6+ $1 {[%mdl 512]} gxf6 13. Rxh8 O-O-O $146 14. Kf1 fxe5 15. Bg5 Re8 16. Rh7 f5 (16... e4 $15 17. Be2 Be7 18. Bxe7 Rxe7) 17. Be2 {Threatens to win with Bh5.} Bc5 18. Bh5 (18. c4 $11) 18... Rg8 $15 19. Bd2 d3 20. Be1 (20. Bf7 $5 {[%cal Rf7g8]} Rg4 21. Bh5 dxc2 22. Qxc2 $14) 20... Nb4 21. cxd3 Nxd3 {[%cal Rc5f2]} 22. b4 ({Not} 22. Qxd3 $2 Bb5 $19) (22. Qb3 $11) 22... Bxb4 ({Black should play} 22... Bd4 $1 $17 {Hoping for ...Kd8.} 23. a4 Bxa1 24. Qxa1 Nxe1 25. Qxe1 Qd6) 23. Qc2+ ({But not} 23. Qxd3 $2 Bb5 $19) 23... Qc5 24. Qxc5+ ({Don't go for} 24. Qxd3 $2 Bb5 $19) 24... Bxc5 25. Rb1 b6 26. Be2 e4 {[%cal Be5e4,Be4d3][%mdl 32]} 27. Bxd3 exd3 28. Bb4 (28. a4 $17 {keeps fighting.}) 28... Kc7 29. Ke1 Kc6 (29... Rg4 $1 $17 30. Rh4 Re4+ 31. Rxe4 dxe4) 30. Rb3 Bxb4+ ({Black should try} 30... Rg4 $17 31. Bxc5 bxc5) 31. Rxb4 $17 {[%mdl 4096] Endgame KRR-KRB} e5 {[%cal Be6e5,Be5e4][%mdl 32]} 32. Kd2 e4 33. Rb1 Kd6 34. Rc1 a5 35. Ke3 Rg6 36. Rch1 Ba4 (36... Bb5 {is more complex.} 37. a3 Kc5 38. Rc7+ Rc6 39. Rc1+ Bc4) 37. R1h6 (37. Rf7 {looks sharper.} d4+ 38. Kd2 Bd7 39. a3 Ke6 40. Rfh7) 37... Rxh6 38. Rxh6+ $11 {KR-KB} Kc5 39. Rf6 {[#]} (39. Kd2 $11 {keeps the balance.}) 39... Bd7 $1 $17 40. Kd2 {[#]} b5 $1 {[%cal Bb6b5,Bb5b4][%mdl 32]} 41. Ra6 $2 {[%mdl 8192]} (41. Rf7 $17 Kc6 42. Rf6+ Kc5 43. Rf7) 41... a4 $19 {[%cal Ba5a4,Ba4a3][%mdl 32]} 42. Ra7 Bc6 43. Rh7 b4 44. Ra7 a3 45. Rc7 Kb6 46. Rh7 Bb5 47. Rh8 Bc4 48. Rb8+ Kc5 49. Rc8+ Kd4 50. Rb8 {[#]} b3 $1 {[%mdl 512]} 51. axb3 a2 52. Ra8 Bxb3 53. Ra7 Kc4 54. Rc7+ Kb4 55. Rc1 Bc2 56. Ra1 Kb3 57. f3 d4 {Precision: White = 29%, Black = 78%.} 0-1

[Event "88th GER-ch Men 2017"]
[Site "Apolda"]
[Date "2017.06.28"]
[Round "6"]
[White "Neyman, Igor"]
[Black "Kalinitschew, Sergey"]
[Result "0-1"]
[WhiteElo "2308"]
[BlackElo "2423"]
[Annotator "TA"]
[PlyCount "118"]
[EventDate "2017.??.??"]
[EventType "swiss"]
[EventCountry "GER"]
[SourceTitle "playchess.com"]
[Source "ChessBase"]
[SourceQuality "1"]

{[%evp 9,118,43,50,50,53,46,54,50,52,54,52,49,61,56,52,50,72,52,56,52,58,55,80,27,24,42,44,12,37,22,75,36,91,35,69,8,56,-8,-16,-66,-57,-177,-167,-187,-168,-175,-177,-159,-127,-169,-168,-200,-197,-184,-187,-146,0,-188,-212,-191,-212,-236,-236,-258,-202,-224,-204,-862,-845,-845,-220,-220,-220,-220,-220,-220,-216,-207,-197,-225,-211,-618,-618,-614,-614,-602,-602,-520,-596,-556,-575,-539,-494,-452,-414,-414,-402,-697,-714,-704,-695,-643,-606,-616,-633,-29975,-29975,-29975,-29976,-6299,-278]} 1. d4 e6 2. c4 b6 3. e4 Bb7 4. Bd3 Bb4+ 5. Bd2 Bxd2+ 6. Qxd2 {A40: Unusual replies to 1 d4} d6 (6... f5 7. Nc3 Nf6 8. Qe2 Qe7 9. Nf3 fxe4 10. Nxe4 Nc6 11. O-O O-O-O 12. Rfe1 Kb8 13. Rad1 {½-½ (41) Lysyj,I (2663)-Alekseev,E (2626) Kolomna 2016}) 7. Nc3 Nd7 8. Nge2 {White is slightly better.} e5 $146 ({Predecessor:} 8... Ngf6 9. O-O e5 10. d5 O-O 11. b4 g6 12. Bc2 Nh5 13. Ba4 {1-0 (50) El Debs,F (2512)-Gauche,C (2206) Itajai 2014}) 9. Bc2 Ngf6 10. O-O O-O 11. f3 Re8 12. d5 h6 13. b4 a5 14. a3 Qe7 15. Ba4 Rec8 16. Bc6 (16. Ng3 $16) 16... Bxc6 $11 17. dxc6 Nf8 18. Nd5 Qd8 19. Nec3 N6h7 (19... Nxd5 $11 20. cxd5 (20. exd5 Qh4 $11) 20... Qh4) 20. Nb5 Ne6 ({Black should try} 20... Nf6 $14) 21. Rfd1 (21. Rad1 $1 $16) 21... Nhf8 22. Qe3 (22. Rab1 $1 $14) 22... Ng6 23. Nbxc7 (23. c5 $14) 23... Rxc7 24. b5 Rb8 $1 25. Nxb6 {[#]} (25. Nxc7 $15 Qxc7 26. h3) 25... Rxc6 $1 $19 {[%mdl 512]} 26. bxc6 Rxb6 27. Rxd6 Qxd6 28. Qxb6 Ngf4 29. Rb1 {Qb8+ is the strong threat.} Qd2 {[%csl Gf4][%cal Rd2g2][%mdl 1024] Black has strong compensation.} 30. Qb2 Qe3+ 31. Qf2 Qd3 32. Qb2 Qe3+ 33. Qf2 $1 ({Don't capture} 33. Kh1 $2 Nd3 $19) 33... Qxa3 34. Kh1 a4 35. g3 {[#]} Ng6 $1 36. c5 Qd3 37. Rb7 Qd8 38. Qb2 $2 (38. Kg2) 38... Qd1+ 39. Kg2 {[#]} a3 $2 (39... Nef4+ $1 {[%mdl 512]} 40. gxf4 Nxf4+ 41. Kf2 Nd3+ 42. Kg2 Qe1) 40. Qf2 Qa4 {Strongly threatening ...a2.} 41. Qa2 Qxc6 42. Rb8+ Kh7 {aiming for ...Ngf4+!} 43. Qxa3 Nxc5 44. Qa2 Ne6 45. Rb2 $2 (45. h4) 45... Ngf4+ 46. gxf4 Nxf4+ {[%mdl 4096] Endgame KQR-KQN} 47. Kg3 Qg6+ 48. Kf2 Qg2+ 49. Ke3 Qg1+ 50. Kd2 Qd4+ 51. Kc2 Qd3+ 52. Kc1 Qc3+ 53. Kd1 (53. Kb1 $142 Qe1+ 54. Kc2 Qe2+ 55. Kc3 Qxf3+ 56. Kc4) 53... Qxf3+ 54. Kd2 Qd3+ 55. Kc1 Qe3+ 56. Kd1 Nd3 57. Rb8 Qg1+ 58. Kc2 Qxh2+ 59. Kb1 Qg1+ $2 {Precision: White = 38%, Black = 66%.} (59... Qh1+ 60. Kc2 Qg2+ 61. Kxd3 Qxa2) 0-1

[Event "88th GER-ch Men 2017"]
[Site "Apolda"]
[Date "2017.06.28"]
[Round "6"]
[White "Kolbus, Dietmar"]
[Black "Bischoff, Klaus"]
[Result "1/2-1/2"]
[WhiteElo "2306"]
[BlackElo "2504"]
[Annotator "TA"]
[PlyCount "70"]
[EventDate "2017.??.??"]
[EventType "swiss"]
[EventCountry "GER"]
[SourceTitle "playchess.com"]
[Source "ChessBase"]
[SourceQuality "1"]

{[%evp 14,70,39,35,37,23,32,12,12,16,18,0,34,33,34,36,36,-58,-62,-65,-68,-68,-48,-83,-45,-109,-75,-69,-83,-72,0,-5,0,-87,-83,-62,-64,-120,-80,-105,-99,-93,0,0,0,0,0,0,0,0,0,0,0,0,0,0,0,0,0]} 1. c4 Nf6 2. Nc3 g6 3. e4 d6 4. d4 Bg7 5. f3 c6 6. Be3 a6 7. a4 a5 8. Qd2 Na6 {E80: King's Indian: Sämisch: Lines without early ...0-0} (8... O-O 9. Bd3 e5 10. Nge2 Na6 11. Rd1 Nd7 12. O-O exd4 13. Nxd4 Ndc5 14. Bc2 Qb6 15. b3 Re8 16. Kh1 Nb4 17. Bf2 Ne6 18. Nde2 Nc5 19. Nd4 Ne6 20. Nde2 {½-½ (20) Dydyshko,V (2562)-Kalegin,E (2510) Minsk 2008}) 9. Nge2 Nd7 10. Nc1 e5 11. d5 Ndc5 12. Ra3 $146 ({Predecessor:} 12. Be2 O-O 13. O-O Qe7 14. Rd1 Rd8 15. Ra3 f5 16. N1a2 {0-1 (39) Bruelhart,K-Nikolin,Z (2270) Novi Sad 1990}) 12... Bf6 13. Nd3 h6 14. Nxc5 ({Wrong is} 14. Bxh6 $2 g5 $19) 14... Nxc5 15. dxc6 (15. g3 $14) 15... bxc6 $15 16. Bxc5 dxc5 17. Qxd8+ Bxd8 (17... Kxd8 {looks sharper.} 18. Nd1 Kc7 19. Kd2 Be6 20. Kc2 h5) 18. Rb3 Bg5 19. Kf2 ({Better is} 19. h4 $15 Be7 20. Nd1) 19... h5 20. h4 Bh6 21. Be2 Be6 (21... Kd7 $17) 22. Rd1 $1 $11 Rd8 23. Rxd8+ (23. Rb7 $11 {remains equal.}) 23... Kxd8 $17 24. Nd1 Kc7 25. Ne3 (25. Rd3 $15) 25... Rd8 26. Rd3 Rd4 27. b3 {[#]} Bxe3+ (27... f5 $1 $17 28. Nc2 Rxd3 29. Bxd3 f4) 28. Kxe3 {[%mdl 4096] Endgame KRB-KRB. The position is equal.} f5 29. g3 Kd6 30. Rd1 Ke7 31. Rg1 Kf6 32. Bd1 Rd8 33. Be2 Rd4 34. Bd1 Rd8 35. Be2 Rd4 {Precision: White = 60%, Black = 65%.} 1/2-1/2

[Event "88th GER-ch Men 2017"]
[Site "Apolda"]
[Date "2017.06.28"]
[Round "6"]
[White "Schneider, Jana"]
[Black "Hoefelsauer, Thomas"]
[Result "1/2-1/2"]
[WhiteElo "2270"]
[BlackElo "2395"]
[Annotator "TA"]
[PlyCount "200"]
[EventDate "2017.??.??"]
[EventType "swiss"]
[EventCountry "GER"]
[SourceTitle "playchess.com"]
[Source "ChessBase"]
[SourceQuality "1"]

{[%evp 23,200,44,43,31,55,52,60,38,55,15,35,29,47,22,43,0,7,7,7,0,10,0,17,0,10,-58,-16,-235,-262,-218,-255,-490,-132,-139,0,0,0,0,0,0,0,0,0,0,95,0,0,0,0,0,0,-63,-53,-64,-66,-53,-24,-87,-41,-66,-38,-75,-75,-75,0,-15,0,-6,0,-16,3,8,81,69,108,107,102,112,111,100,100,67,100,85,127,90,116,66,67,49,92,93,102,45,110,45,52,70,90,27,49,44,52,45,58,58,75,50,52,27,64,60,67,64,84,91,90,89,90,43,58,54,56,49,97,0,0,0,0,-14,0,0,0,0,0,0,0,0,0,0,0,0,8,8,8,0,0,0,0,0,0,0,0,0,0,0,0,0,0,0,0,0,0,0,0,0,0,0,0,0,0,0,0,0,0,0,0,0,0]} 1. e4 c6 2. d4 d5 3. exd5 cxd5 4. Bd3 Nc6 5. c3 Nf6 6. Bf4 g6 7. Nf3 Bf5 8. Bxf5 {B13: Caro-Kann: Exchange Variation and Panov-Botvinnik Attack} (8. Na3 Bxd3 9. Qxd3 Nh5 10. Be5 f6 11. Bg3 e5 12. dxe5 Bxa3 13. bxa3 Nxg3 14. hxg3 fxe5 15. Rd1 e4 {0-1 (36) Moiseenko,V (2528)-Khismatullin,D (2617) Sochi 2016}) 8... gxf5 9. Qb3 Qd7 10. Ne5 Nxe5 11. Bxe5 Bg7 12. Nd2 O-O {LiveBook: 3 Games} 13. O-O Kh8 14. Rfe1 Rg8 15. Qc2 $146 ({Predecessor:} 15. a4 Rac8 16. Bxf6 Bxf6 {1-0 (41) Gempe,T (2270)-Schaack,H (2275) Germany 2006}) 15... Ne4 16. Nf3 e6 17. Re2 Rac8 18. Kh1 Qe7 19. Qd3 Bxe5 20. Nxe5 f6 21. Nf3 $1 Qg7 {[%csl Gg8][%cal Rg7g2]} 22. Ne1 Qh6 $1 23. Kg1 Rg6 24. Re3 (24. f3 $11) 24... Rcg8 25. Qf1 $2 (25. Rh3 $1 $11 {and White is okay.} Qg7 26. g3) 25... f4 $19 26. Rd3 Qh5 27. Rad1 $2 {[#]} (27. Kh1) 27... Rh6 $2 (27... Rxg2+ $1 $19 {[%mdl 512] and Black stays clearly on top.} 28. Qxg2 (28. Nxg2 $2 {loses.} f3 $19) 28... Qe2) 28. h3 $17 f3 (28... Rhg6 $17 {...Rxg2+! is the strong threat.} 29. Kh1 a6) 29. Rxf3 $11 Ng5 30. Rdd3 $1 Nxf3+ 31. Rxf3 Rhg6 $36 {[%mdl 2048] Black has some pressure.} 32. Qd3 Qg5 33. Re3 Qf4 (33... f5 $11) 34. Qd1 (34. Rxe6 $16 Qc1 35. g3) 34... Qf5 35. Qe2 e5 36. dxe5 fxe5 37. Kh1 (37. Rxe5 $11 Qxh3 38. f3) 37... e4 $15 38. Qd2 R8g7 39. Kg1 h6 40. Qd4 (40. g3 $1 $11 {remains equal.}) 40... b6 41. Qd2 Kh7 42. Kh2 Rf7 43. Re2 Rfg7 (43... h5 $17) 44. g3 Qe5 {[%cal Rg6g3] ( -> ...Rxg3!)} 45. Qe3 Rf6 {[#]} 46. Nd3 $1 {[%mdl 512]} Qg5 (46... Qd6 $5 {[%cal Rf6f3]} 47. Nf4 Rgf7 $11) (46... exd3 47. Qxe5) 47. Nf4 Rgf7 {[#]} (47... Qe5 $11 {keeps the balance.}) 48. c4 $1 $16 {[%mdl 512]} dxc4 49. Qxe4+ Qf5 50. Qxc4 Qc5 51. Qe4+ Qf5 52. Qe8 Qd7 53. Qe3 Qf5 54. b3 Qc5 55. Qe8 Qd4 56. Kg2 Qc5 57. Qe4+ Qf5 58. Qe3 ({Better is} 58. Qb4 $16) 58... Qc5 (58... Rd6 $14) 59. Qxc5 (59. Qd3+ $16 Qf5 60. Qc4) 59... bxc5 {[%mdl 4096] Endgame KRR-KRN} 60. Ne6 Rf5 61. Rc2 (61. g4 $16 Rd5 62. f4) 61... Re5 62. Nxc5 Rc7 63. b4 a5 64. a3 $1 ({But not} 64. bxa5 $2 Rexc5 65. Rd2 Rxa5 $19) 64... Rd5 65. Re2 Rc6 66. Re4 Kg6 67. g4 Rd2 68. Kg3 Ra2 69. Re3 axb4 70. axb4 Rb6 71. Nd3 Kf6 72. Re4 Rd6 73. Nc5 Rdd2 74. f4 (74. Re6+ $16 Kg7 75. f3) 74... Ra3+ $11 {The position is equal.} 75. Kh4 Rh2 {[%csl Ga3][%cal Rh2h3]} 76. Re6+ Kg7 {[%csl Ga3][%cal Rh2h3]} (76... Kf7 $5 77. g5 $8 Raxh3+ 78. Kg4 hxg5 $11) 77. g5 Rhxh3+ 78. Kg4 hxg5 79. Kxg5 Rag3+ 80. Kf5 Kf7 {White must now prevent ...Rh5+.} 81. Ne4 Rh5+ 82. Ng5+ Kg7 (82... Rgxg5+ $5 83. fxg5 Rxg5+ 84. Kxg5 Kxe6 $11) 83. b5 Rb3 84. Re7+ Kf8 85. Rb7 {aiming for Kg6.} Rh6 $1 86. Nh7+ Ke8 87. Nf6+ Kd8 88. b6 {Hoping for Rb8+.} Rh1 89. Rd7+ Kc8 90. Rc7+ Kd8 91. Rc6 Rb5+ 92. Ke6 Re1+ 93. Kf7 Rf1 94. Rd6+ Kc8 95. Nd5 Rxd5 96. Rxd5 Rxf4+ 97. Ke7 Kb7 98. Rb5 Rh4 99. Kd6 Rh6+ 100. Kc5 Rc6+ {Precision: White = 47%, Black = 44%.} 1/2-1/2

[Event "88th GER-ch Men 2017"]
[Site "Apolda"]
[Date "2017.06.28"]
[Round "6"]
[White "Rehberg, Raphael"]
[Black "Huschenbeth, Niclas"]
[Result "0-1"]
[WhiteElo "2264"]
[BlackElo "2586"]
[Annotator "TA"]
[PlyCount "34"]
[EventDate "2017.??.??"]
[EventType "swiss"]
[EventCountry "GER"]
[SourceTitle "playchess.com"]
[Source "ChessBase"]
[SourceQuality "1"]

{[%evp 15,34,10,10,15,24,6,37,0,17,-258,-237,-248,-243,-237,-234,-599,-605,-610,-572,-668,-668]} 1. e4 c5 2. Nf3 d6 3. Bb5+ Nd7 4. d4 cxd4 5. Qxd4 a6 6. Bxd7+ Bxd7 7. Bg5 {B51: Sicilian: Moscow Variation (3 Bb5+) without 3...Bd7} (7. Nc3 Rc8 8. O-O e5 9. Qb4 b5 10. a4 a5 11. Qb3 b4 12. Nd5 Be6 13. Ng5 Be7 14. Nxe6 fxe6 15. Nxe7 Qxe7 {½-½ (40) Shirov,A (2664)-Artemiev,V (2682) Sochi 2017}) 7... Qc7 8. Nc3 e6 {LiveBook: 3 Games} 9. O-O-O {The position is equal.} Rc8 10. Rhe1 Qc5 11. Qd2 {Black should prevent Bf4.} b5 $1 12. Nd5 $146 {[%mdl 8192] [#]} (12. e5 $11 {and White has nothing to worry.} d5 13. Ne4) ({Predecessor:} 12. e5 d5 13. Ne4 Qb4 14. c3 Qa5 {1-0 (40) Nepomniachtchi,I (2483)-L'Ami,E (2531) Moscow 2005}) 12... exd5 $19 13. exd5+ Be7 14. Qe2 {[%cal Rg5e7]} f6 15. Rd3 $2 (15. Bf4) 15... fxg5 {Black is clearly winning.} 16. Nxg5 Bf5 17. Rd2 Qc4 0-1

[Event "88th GER-ch Men 2017"]
[Site "Apolda"]
[Date "2017.06.28"]
[Round "6"]
[White "Schulz, Karsten"]
[Black "Telljohan, Sven"]
[Result "1/2-1/2"]
[WhiteElo "2264"]
[BlackElo "2404"]
[Annotator "NA"]
[PlyCount "55"]
[EventDate "2017.??.??"]
[EventType "swiss"]
[EventCountry "GER"]
[SourceTitle "playchess.com"]
[Source "ChessBase"]
[SourceQuality "1"]
[TimeControl "40/6000+30:3000+30"]

{[%evp 18,51,54,35,43,43,58,37,47,58,70,81,32767,32767,32767,55,59,70,64,47,32767,43,70,64,75,58,68,32767,58,46,78,32767,32767,32767,32767,0]} 1. c4 {[%emt 0:00:00]} g6 {[%emt 0:00:22]} 2. Nc3 {[%emt 0:00:26]} Bg7 {[%emt 0:00:03]} 3. g3 {[%emt 0:00:21]} c5 {[%emt 0:00:45]} 4. Bg2 {[%emt 0:03:00]} Nc6 {[%emt 0:00:55]} 5. Nf3 {[%emt 0:00:34]} d6 {[%emt 0:04:13]} 6. O-O {[%emt 0:01:02]} Qd7 {[%emt 0:00:38]} 7. b3 {[%emt 0:01:32] A37: Symmetrical English vs ...g6: 4 Bg2 Bg7 5 Nf3} (7. e3 Bxc3 8. bxc3 f5 9. d3 Nf6 10. Nd2 b6 11. f4 Bb7 12. e4 O-O-O 13. Re1 fxe4 14. Nxe4 Nxe4 15. Bxe4 {½-½ (45) Nakamura,H (2775)-Carlsen,M (2835) Moscow 2012}) 7... b6 {[%emt 0:00:30]} 8. Bb2 {[%emt 0:00:07]} Bb7 {[%emt 0:00:19]} 9. e3 {[%emt 0:00:57]} Ne5 $146 {[%emt 0:14:41]} ({Predecessor:} 9... e6 10. d4 cxd4 11. exd4 Nge7 12. Rb1 O-O 13. d5 exd5 14. Nxd5 Nxd5 15. Bxg7 {½-½ (24) Jatoba de Oliveira Reis,P (2380)-Barbosa,E (2461) Natal 2016}) 10. d4 {[%emt 0:03:28]} Nxf3+ {[%emt 0:04:06]} 11. Bxf3 {[%emt 0:00:09]} Bxf3 {[%emt 0:00:30]} 12. Qxf3 {[%emt 0:00:08]} Rb8 {[%emt 0:01:08]} 13. Rad1 {[%emt 0:03:27]} Qb7 {[%emt 0:07:48]} 14. Qe2 {[%emt 0:03:04]} Nh6 {[%emt 0:07:58]} 15. dxc5 {[%emt 0:03:46]} bxc5 {[%emt 0:08:45]} 16. Nd5 {[%emt 0:06:16]} O-O {[%emt 0:03:27]} 17. Bxg7 {[%emt 0:01:46]} Kxg7 {[%emt 0:00:04]} 18. e4 {[%emt 0:00:34]} f6 {[%emt 0:05:09]} 19. f4 {[%emt 0:06:39]} e6 {[%emt 0:03:33]} 20. Nc3 {[%emt 0:01:34]} Qe7 {[%emt 0:02:24]} 21. Rd3 {[%emt 0:01:32]} Nf7 {[%emt 0:02:20]} 22. Rfd1 {[%emt 0:02:01]} Rfd8 {[%emt 0:01:28]} 23. R1d2 {[%emt 0:03:18]} a6 {[%emt 0:02:28]} 24. Qe3 {[%emt 0:07:47]} (24. Kf2 $16) 24... Rbc8 {[%emt 0:03:00]} 25. Qe2 {[%emt 0:01:07]} Rb8 {[%emt 0:03:17]} 26. Qe3 $11 {[%emt 0:00:10]} Rbc8 {[%emt 0:00:05]} 27. Qe2 {[%emt 0:00:10]} Rb8 {[%emt 0:00:09]} 28. Qe3 1/2-1/2

[Event "88th GER-ch Men 2017"]
[Site "Apolda"]
[Date "2017.06.28"]
[Round "6"]
[White "Kersten, Uwe"]
[Black "Miller, Eduard"]
[Result "0-1"]
[WhiteElo "2257"]
[BlackElo "2319"]
[Annotator "NA"]
[PlyCount "74"]
[EventDate "2017.??.??"]
[EventType "swiss"]
[EventCountry "GER"]
[SourceTitle "playchess.com"]
[Source "ChessBase"]
[SourceQuality "1"]
[TimeControl "40/6000+30:3000+30"]

1. d4 {[%emt 0:00:00]} Nf6 {[%emt 0:00:05]} 2. Bf4 {[%emt 0:00:06]} g6 {[%emt 0:00:07]} 3. Nc3 {[%emt 0:01:42]} d5 {[%emt 0:12:54] A45: Trompowsky Attack} 4. e3 {[%emt 0:00:33]} Bg7 {[%emt 0:08:02] LiveBook: 73 Games} 5. h4 {[%emt 0:01:30]} h5 {[%emt 0:07:35]} (5... c5 $5) 6. Nb5 {[%emt 0:02:27]} Na6 {[%emt 0:00:31]} 7. Be2 $146 {[%emt 0:06:31]} ({Predecessor:} 7. Nf3 c6 8. Nc3 Bf5 9. Bxa6 bxa6 10. Ne5 Qc8 11. Na4 {1-0 (31) Matlakov,M (2691)-Rakhmanov,A (2662) Sochi 2016}) 7... O-O {[%emt 0:05:50]} 8. Nf3 {[%emt 0:02:47]} c6 {[%emt 0:08:28]} 9. Nc3 {[%emt 0:00:23]} Qa5 {[%emt 0:01:58]} 10. Kf1 {[%emt 0:10:55]} Nc7 {[%emt 0:18:33]} 11. Be5 {[%emt 0:28:19]} Ng4 {[%emt 0:04:13]} 12. Bxg7 {[%emt 0:09:40]} Kxg7 {[%emt 0:01:03]} 13. a3 {[%emt 0:06:56]} Ne8 {[%emt 0:06:49]} 14. e4 {[%emt 0:09:11]} Nef6 {[%emt 0:06:21]} 15. Bd3 {[%emt 0:02:58]} dxe4 {[%emt 0:01:26]} 16. Nxe4 {[%emt 0:06:24]} Nxe4 $17 {[%emt 0:00:39]} 17. Bxe4 {[%emt 0:00:45]} Qb5+ {[%emt 0:00:08]} 18. Bd3 {[%emt 0:01:41]} Qxb2 {[%emt 0:00:27]} 19. g3 {[%emt 0:00:51]} Be6 {[%emt 0:00:22]} 20. Rb1 {[%emt 0:07:14]} Qxa3 {[%emt 0:00:05]} 21. Kg2 {[%emt 0:02:54]} b5 {[%emt 0:01:08]} 22. Be4 {[%emt 0:00:43]} Qd6 {[%emt 0:00:48]} 23. Re1 {[%emt 0:00:44]} Nf6 {[%emt 0:02:09]} 24. Kg1 {[%emt 0:03:23]} Nxe4 {[%emt 0:01:04]} 25. Rxe4 {[%emt 0:00:02]} Bd5 {[%emt 0:00:24]} 26. Re5 {[%emt 0:00:55]} a5 {[%emt 0:02:32]} 27. Qe2 {[%emt 0:01:32]} a4 {[%emt 0:00:27]} 28. Ng5 {[%emt 0:01:39]} a3 {[%emt 0:01:39]} 29. Rxe7 {[%emt 0:00:29]} a2 {[%emt 0:00:06]} 30. Ra1 {[%emt 0:00:03]} Ra4 {[%emt 0:02:04]} 31. c3 {[%emt 0:00:28]} b4 {[%emt 0:00:44]} 32. Re8 {[%emt 0:01:34]} Rxe8 {[%emt 0:00:44]} 33. Qxe8 {[%emt 0:00:02]} bxc3 {[%emt 0:00:23]} 34. Kh2 {[%emt 0:00:50]} Rxd4 {[%emt 0:00:21]} 35. Kh3 {[%emt 0:00:42]} c2 {[%emt 0:00:25]} 36. Re1 {[%emt 0:00:31]} Rd1 {[%emt 0:00:19]} 37. Re4 {[%emt 0:00:26]} a1=Q {[%emt 0:00:25]} 0-1